• 首页
  • 本馆介绍
  • 公告通知
  • 最新文献
  • 馆藏检索
  • 电子资源
  • 读者荐购
  • 参考咨询
  • CALIS
  • 我的图书馆
  • 登录
  • 详细信息显示
  • 放入我的书架
  • 预约/预借图书
  • 作者相关作品
  • 分类相关作品
  • 丛书相关作品
  • 出版社相关作品

书目信息

  • 表格格式
  • 工作单格式
  • 卡片格式
题名:
建筑材料学习指导
    
 
作者: 徐友辉 , 李晓楼 , 廖征军 主编
分册:  
出版信息: 北京   北京理工大学出版社  2020.03
页数: 154页
开本: 26cm
丛书名:
单 册:
中图分类: TU5
科图分类:
主题词: 建筑材料--jian zhu cai liao--高等职业教育--教学参考资料
电子资源:
ISBN: 978-7-5682-5590-5
 
 
 
 
 
000 01087nam0 2200277 450
001 2051637254
005 20201107142045.52
010    @a978-7-5682-5590-5@dCNY32.00
100    @a20200408d2020 em y0chiy50 ea
101 0  @achi
102    @aCN@b110000
105    @aa a 000yy
200 1  @a建筑材料学习指导@Ajian zhu cai liao xue xi zhi dao@f主编徐友辉, 李晓楼, 廖征军
205    @a第2版
210    @a北京@c北京理工大学出版社@d2020.03
215    @a154页@c图@d26cm
320    @a有书目 (第154页)
330    @a全书共分12章, 主要包括建筑材料课程的教与学, 建筑材料基本性质, 石灰、石膏和水玻璃, 水泥, 混凝土, 建筑砂浆, 石材、砖材和砌块, 建筑玻璃和陶瓷, 建筑钢材, 木材, 沥青材料, 建筑塑料、涂料和胶粘剂等内容。每章内容分学习要求、学习要点和基本训练三个部分。
333    @a高等职业教育土木建筑类专业教材
606 0  @a建筑材料@Ajian zhu cai liao@x高等职业教育@j教学参考资料
690    @aTU5@v5
701  0 @a徐友辉@Axu you hui@4主编
701  0 @a李晓楼@Ali xiao lou@4主编
701  0 @a廖征军@Aliao zheng jun@4主编
801  0 @aCN@b人天书店@c20201005
905    @aZUCC@dTU5@eX832
    
    建筑材料学习指导/主编徐友辉, 李晓楼, 廖征军.-第2版.-北京:北京理工大学出版社,2020.03
    154页:图;26cm
    使用对象:高等职业教育土木建筑类专业教材
    
    ISBN 978-7-5682-5590-5:CNY32.00
    全书共分12章, 主要包括建筑材料课程的教与学, 建筑材料基本性质, 石灰、石膏和水玻璃, 水泥, 混凝土, 建筑砂浆, 石材、砖材和砌块, 建筑玻璃和陶瓷, 建筑钢材, 木材, 沥青材料, 建筑塑料、涂料和胶粘剂等内容。每章内容分学习要求、学习要点和基本训练三个部分。
●
相关链接 在E读中查询图书 在当当中查询图书 在豆瓣中查询图书


正题名:建筑材料学习指导     索取号:TU5/X832         预约/预借

序号 登录号 条形码 馆藏地/架位号 状态 备注
1 1485754   214857546   建筑库201/201建筑库 2排4列5层/ [索取号:TU5/X832] 在馆    
2 1485755   214857555   建筑库201/201建筑库 2排4列5层/ [索取号:TU5/X832] 在馆    
河南城建学院图书馆 欢迎您!
大连网信软件有限公司© 版权所有